| 000 | 01069cam a2200313 i 4500 | ||
|---|---|---|---|
| 999 |
_c200441309 _d59521 |
||
| 003 | TR-AnTOB | ||
| 005 | 20220309171237.0 | ||
| 007 | ta | ||
| 008 | 820909s1958 fr d 000 0 eng | ||
| 010 | _a 58002934 | ||
| 040 |
_aDLC _beng _erda _cCarP _dTR-AnTOB |
||
| 041 | 0 |
_aeng _ager _afre |
|
| 050 | 0 | 0 |
_aHD4839 _b.O7 |
| 090 |
_aHD4839 _b.O7 |
||
| 110 | 2 |
_aEuropean Productivity Agency _9127599 |
|
| 245 | 1 | 0 |
_aGlossary of work study terms = _cGlossaire des termes de l'étude du travail = Wörterbuch des Arbeitsstudiums. |
| 246 | 3 | 1 | _aGlossaire des termes de l'étude du travail. |
| 246 | 3 | 1 | _aWörterbuch des Arbeitsstudiums. |
| 264 | 1 |
_aParis : _bEuropean Productivity Agency of the O.E.E.C., _c[1958] |
|
| 300 |
_a124 pages ; _c24 cm |
||
| 336 |
_2rdacontent _atext _btxt |
||
| 337 |
_2rdamedia _aunmediated _bn |
||
| 338 |
_2rdacarrier _avolume _bnc |
||
| 653 | _aWork--Dictionaries--Polyglot. | ||
| 740 | 0 | _aGlossaire des termes de l'étude du travail. | |
| 740 | 0 | _aWörterbuch des Arbeitsstudiums. | |
| 942 |
_2lcc _cBK |
||